Top 15 Countries with Covid-19 Deaths - 21 June - Statistics

General Stats
  • This quiz has been taken 36 times
  • The average score is 13 of 20
Answer Stats
country % Correct
United States
100%
Russia
91%
Brazil
89%
India
89%
United Kingdom
89%
Italy
83%
Mexico
83%
Spain
83%
France
80%
Germany
80%
Canada
71%
Netherlands
46%
Sweden
46%
Belgium
43%
Iran
43%
Ireland
43%
Chile
40%
Peru
37%
Switzerland
26%
Ecuador
14%
No matching quizzes found
Score Distribution
Percent of People with Each Score
Percentile by Number Answered
Your Score History
You have not taken this quiz